00582 2200229 4500001002100000005001700021008004100038020002200079035002400101041000800125043001200133082000800145090001500153100001800168245004000186250001100226260003800237300002100275650002300296850001200319990002100331YOGYA-0711000000041620110711081047.0 ind  a978-979-788-009-5 0010-071100000000416 aInd aYOPDYOG a650 a650bHak I aHakim, Lukman aInfo lengkap WaralabacLukman Hakim aCet. 1 aYogyakartabMedia Pressindoc2008 a456 hlm.c22 cm. aManajemen waralaba aYOPDYOG a47882-PD/B.09b1